Estructura de lo social: ensayo sobre su reducción a lo trascendental

Saved in:
Bibliografiske detaljer
Hovedforfatter: Sepich, Juan R (Author)
Format: Bog
Sprog:spansk
Udgivet: Buenos Aires Sol y Luna 1940
Fag:
Tags: Tilføj Tag
Ingen Tags, Vær først til at tagge denne postø!

MARC

LEADER 00000nam a2200000 a 4500
001 UCU1372
003 CL-VaPUC
008 960404e19400000AG |||||||||||||||||spa|d
082 0 4 |a 113.8  |b SEP  |2 21 
100 0 |a Sepich, Juan R  |e author  |9 357016 
245 1 0 |a Estructura de lo social: ensayo sobre su reducción a lo trascendental 
300 |a 88 p 
942 |c BK 
945 |d 19960404 00:00:00  |a rleighto 
260 |a Buenos Aires  |b Sol y Luna  |c 1940 
650 0 |a Antropología filosófica  |9 265842 
650 0 |a Naturaleza humana   |9 308593 
650 7 |a HOMBRE  |2 CL-VaPUC  |9 262149 
650 0 |a Ontología   |9 256850 
650 7 |a FILOSOFIA POLITICA  |2 CL-VaPUC  |9 357017 
583 |a last modification  |c 20121001 10:34:51  |k Rodrigo Vera 
999 |c 246018  |d 246016 
952 |0 0  |1 0  |4 0  |6 113_800000000000000_SEP_1940  |7 0  |8 P  |9 260727  |a BIBEDU  |b BIBEDU  |c BIBEDU_PB  |d 2019-11-19  |i 3186997  |o 113.8 SEP 1940  |p 3186997  |r 2024-01-25  |w 2019-11-19  |y BK  |k FIL